Current NBA Players by Picture - Statistics

General Stats
  • This quiz has been taken 28,660 times
  • The average score is 14 of 16
Answer Stats
Picture Answer % Correct
Lebron James
100%
LaMelo Ball
93%
Russell Westbrook
93%
Joel Embiid
92%
Nikola Jokić
92%
Zion Williamson
91%
Trae Young
90%
Ja Morant
87%
Jimmy Butler
87%
Zach LaVine
82%
Steven Adams
81%
Marcus Smart
79%
Cade Cunningham
76%
Boban Marjanović
73%
Fred VanVleet
73%
Jarrett Allen
70%
No matching quizzes found
Score Distribution
Percent of People with Each Score
Percentile by Number Answered
Your Score History
You have not taken this quiz